000 00990nmc a2200325 a 4500
003 AR-BaBNM
005 20251128204839.0
008 306019s1986 ||||||||||||||000 | spa||
020 _a950-614-425-7
040 _cAR-BaBNM
100 1 _aPeña, David
245 1 0 _aJuan Facundo Quiroga
260 _aBuenos Aires
_bHyspamérica
_c1986
300 0 _a206 p.
490 0 _aBiblioteca argentina de historia y política
_vv. 41
500 0 _aContiene compilación de conferencias pronunciadas por el autor en la Facultad de Filosofía y Letras en 1903
600 1 4 _aQuiroga, Juan Facundo
650 4 _aHISTORIA ARGENTINA
650 4 _aBIOGRAFIAS
650 4 _aHISTORIA PROVINCIAL ARGENTINA
650 4 _aCAUDILLOS ARGENTINOS
650 4 _aROSAS Y SU TIEMPO
650 4 _aPERIODO INDEPENDIENTE
650 4 _aHISTORIA POLITICA ARGENTINA
650 4 _aPOLITICA NACIONAL
655 _aBIOGRAFIAS
800 1 _aCostantini, Pablo
_edirector
942 _cBK
998 _cEnrique
999 _c9022
_d9022